[Event "Mississauga November op"]
[Site "Mississauga CAN"]
[Date "2022.11.13"]
[Round "5.4"]
[White "Joseph, Jonath"]
[Black "Hua, Michelle"]
[Result "1/2-1/2"]
[WhiteElo "1902"]
[BlackElo "1998"]
[PlyCount "49"]
[EventDate "2022.11.11"]
[EventType "swiss"]
[EventRounds "5"]
[EventCountry "CAN"]

1. e4 c5 2. Nf3 d6 3. d4 cxd4 4. Nxd4 Nf6 5. Nc3 g6 6. Be3 Bg7 7. f3 O-O 8. Qd2
Nc6 9. Bc4 Bd7 10. Bb3 Rc8 11. O-O-O Nxd4 12. Bxd4 b5 13. Bxa7 b4 14. Ne2 Qa5
15. Bd4 Ba4 16. Bxa4 Qxa4 17. Kb1 Ra8 18. Nc1 Rfc8 19. c4 bxc3 20. Bxc3 Rab8
21. Ne2 Ra8 22. Nc1 Rab8 23. Ne2 Ra8 24. Nc1 Rab8 25. Ne2 1/2-1/2

[Event "Mississauga November op U2000"]
[Site "Mississauga CAN"]
[Date "2022.11.11"]
[Round "1.5"]
[White "Wang, Bingfei"]
[Black "Chen, Vincent"]
[Result "1-0"]
[WhiteElo "1962"]
[BlackElo "1663"]
[PlyCount "63"]
[EventDate "2022.11.11"]
[EventType "swiss"]
[EventRounds "5"]
[EventCountry "CAN"]

1. d4 f5 2. c4 Nf6 3. Nc3 e6 4. e3 Be7 5. Nf3 b6 6. d5 O-O 7. Be2 Bb7 8. O-O
Ne4 9. Nxe4 fxe4 10. Ne1 exd5 11. cxd5 Bd6 12. f3 Qh4 13. g3 Bxg3 14. hxg3
Qxg3+ 15. Ng2 Rf6 16. fxe4 Rg6 17. Rf2 Rh6 18. Rf3 Qh2+ 19. Kf2 d6 20. Bd2 Rg6
21. Qh1 Qe5 22. Qh4 Nd7 23. Bc3 Qe8 24. Rh1 h6 25. Nf4 Nc5 26. Nxg6 Nxe4+ 27.
Ke1 Qxg6 28. Qh5 Qh7 29. Qf7+ Kh8 30. Qf8+ Rxf8 31. Rxf8+ Qg8 32. Rxh6# 1-0

[Event "Mississauga November op U2000"]
[Site "Mississauga CAN"]
[Date "2022.11.11"]
[Round "1.6"]
[White "Zhong, April Yunwei"]
[Black "Jiang, Hancy"]
[Result "1-0"]
[WhiteElo "1642"]
[BlackElo "1874"]
[PlyCount "53"]
[EventDate "2022.11.11"]
[EventType "swiss"]
[EventRounds "5"]
[EventCountry "CAN"]

1. d4 Nf6 2. c4 g6 3. Nc3 Bg7 4. e4 d6 5. f3 e5 6. d5 O-O 7. Be3 Nfd7 8. Bd3 f5
9. exf5 gxf5 10. Nge2 Qe7 11. O-O a5 12. Qc2 Qf6 13. a3 Na6 14. Rab1 c5 15.
dxc6 bxc6 16. Rfd1 Ndc5 17. b4 axb4 18. axb4 Nxd3 19. Qxd3 Rd8 20. b5 Nb8 21.
bxc6 Nxc6 22. Qd5+ Be6 23. Qxc6 Rac8 24. Qb7 Bxc4 25. Rd2 f4 26. Bb6 Rf8 27.
Nd5 1-0

[Event "Mississauga November op U2000"]
[Site "Mississauga CAN"]
[Date "2022.11.11"]
[Round "1.7"]
[White "Yang, Lefan"]
[Black "Xie, Irene"]
[Result "1-0"]
[WhiteElo "1764"]
[BlackElo "1626"]
[PlyCount "100"]
[EventDate "2022.11.11"]
[EventType "swiss"]
[EventRounds "5"]
[EventCountry "CAN"]

1. d4 d5 2. e3 g6 3. f4 Bg7 4. Nf3 Bg4 5. Nbd2 f5 6. h3 Bxf3 7. Nxf3 Nf6 8. c4
e6 9. Bd3 c6 10. O-O O-O 11. b4 a5 12. b5 cxb5 13. cxb5 Nbd7 14. a4 Rc8 15. Ba3
Re8 16. Qb3 Bf8 17. Rfc1 Bxa3 18. Qxa3 Qb6 19. Nd2 Qa7 20. Nb3 b6 21. Ra2 Qb7
22. Rac2 Rxc2 23. Rxc2 Rc8 24. Qe7 Re8 25. Qd6 Qb8 26. Rc7 Qd8 27. Nc5 Nxc5 28.
Qxd8 Rxd8 29. dxc5 bxc5 30. Rxc5 Kf7 31. b6 Nd7 32. Rc7 Ke7 33. b7 Kd6 34. Rc8
Ke7 35. Bb5 Nb8 36. Rc7+ Kd6 37. Rxh7 Rg8 38. h4 e5 39. fxe5+ Kxe5 40. Kf2 Kf6
41. Kf3 Rg7 42. Rh8 Rxb7 43. Rd8 Ke5 44. g4 fxg4+ 45. Kxg4 Rb6 46. Kg5 Ke4 47.
Rg8 Kxe3 48. Rxg6 Rxg6+ 49. Kxg6 d4 50. h5 Nc6 1-0

[Event "Mississauga November op U2000"]
[Site "Mississauga CAN"]
[Date "2022.11.11"]
[Round "1.8"]
[White "Dunikov, Glib"]
[Black "Zhong, Ryan Yunhui"]
[Result "0-1"]
[WhiteElo "1579"]
[BlackElo "1673"]
[PlyCount "62"]
[EventDate "2022.11.11"]
[EventType "swiss"]
[EventRounds "5"]
[EventCountry "CAN"]

1. e4 e6 2. d4 d5 3. e5 c5 4. c3 Nc6 5. Nf3 Bd7 6. Bd3 Qc7 7. O-O Nge7 8. Na3
Ng6 9. Nc2 Be7 10. Nfe1 f5 11. exf6 gxf6 12. f4 f5 13. g4 O-O-O 14. gxf5 exf5
15. Qh5 Rdg8 16. Kh1 Nh4 17. Nf3 Be8 18. Bxf5+ Kb8 19. Bg6 Bxg6 20. Qxd5 Bxc2
21. Nxh4 Bxh4 22. Rf3 Qg7 23. Rf1 Qe7 24. Qg5 Be4+ 25. Kg1 Rxg5+ 26. fxg5 Rg8
27. Bf4+ Ka8 28. Bg3 Qxg5 29. Rf7 Bxg3 30. hxg3 Qxg3+ 31. Kf1 Bd3# 0-1

[Event "Mississauga November op U2000"]
[Site "Mississauga CAN"]
[Date "2022.11.12"]
[Round "2.5"]
[White "Zhong, Ryan Yunhui"]
[Black "Wang, Bingfei"]
[Result "0-1"]
[WhiteElo "1673"]
[BlackElo "1962"]
[PlyCount "136"]
[EventDate "2022.11.11"]
[EventType "swiss"]
[EventRounds "5"]
[EventCountry "CAN"]

1. d4 Nf6 2. c4 e6 3. Nc3 d5 4. cxd5 exd5 5. Bg5 Be7 6. e3 c6 7. Bd3 O-O 8. Qc2
h6 9. Bh4 b6 10. Nge2 Bb7 11. O-O Nbd7 12. Rad1 Re8 13. f3 c5 14. Bf2 Bf8 15.
Qb1 a6 16. a3 b5 17. e4 dxe4 18. Nxe4 c4 19. Bc2 Nd5 20. N2c3 Nxc3 21. Nxc3 Qc7
22. Be4 Rad8 23. Rfe1 Bd6 24. Bxb7 Qxb7 25. Rxe8+ Rxe8 26. Re1 Qb8 27. Rxe8+
Qxe8 28. Qe4 Qb8 29. g3 Nf6 30. Qc6 b4 31. axb4 Qxb4 32. Qxa6 Qxb2 33. Qc8+ Bf8
34. Qxc4 Bb4 35. Qc8+ Kh7 36. Qf5+ Kg8 37. Ne4 Qb1+ 38. Kg2 Nxe4 39. fxe4 Qc2
40. Kh3 Qc1 41. Qf3 Qf1+ 42. Qg2 Qe2 43. g4 Qd3+ 44. Kh4 Be7+ 45. g5 Bxg5+ 46.
Kg4 g6 47. Qf3 h5+ 48. Kg3 Bh4+ 49. Kg2 Qc2 50. e5 Kf8 51. e6 Qxf2+ 52. Qxf2
Bxf2 53. Kxf2 fxe6 54. h4 Ke7 55. Kf3 Kf6 56. Kf4 g5+ 57. hxg5+ Kg6 58. Ke5 h4
59. Kf4 h3 60. Kg3 Kxg5 61. Kxh3 Kf4 62. Kg2 Ke3 63. Kf1 Kxd4 64. Kf2 Kd3 65.
Ke1 e5 66. Kd1 e4 67. Ke1 Ke3 68. Kd1 Kf2 0-1

[Event "Mississauga November op U2000"]
[Site "Mississauga CAN"]
[Date "2022.11.12"]
[Round "2.6"]
[White "Ruchinskaya, Valerie"]
[Black "Yang, Lefan"]
[Result "1-0"]
[WhiteElo "1569"]
[BlackElo "1764"]
[PlyCount "91"]
[EventDate "2022.11.11"]
[EventType "swiss"]
[EventRounds "5"]
[EventCountry "CAN"]

1. d4 e6 2. c4 f5 3. Nf3 Nf6 4. Bf4 d5 5. e3 c6 6. Nbd2 Be7 7. Ne5 Nbd7 8. Be2
O-O 9. O-O Nxe5 10. Bxe5 b6 11. Rc1 Bb7 12. f4 Nd7 13. Nf3 Nxe5 14. Nxe5 Rc8
15. Qa4 c5 16. cxd5 Bxd5 17. Bf3 Rc7 18. Bxd5 exd5 19. Rfd1 Qa8 20. Qb5 Rd8 21.
a4 Bd6 22. a5 c4 23. axb6 axb6 24. Ra1 Qb7 25. Ra6 Rb8 26. Rda1 Bxe5 27. fxe5
Qc6 28. Qxc6 Rxc6 29. Ra8 Rbc8 30. R1a6 Rxa8 31. Rxa8+ Kf7 32. Ra7+ Kf8 33. Rd7
c3 34. bxc3 Rxc3 35. Kf2 b5 36. Rxd5 b4 37. Rb5 b3 38. Kf3 g5 39. g3 h6 40. h3
Ke7 41. d5 h5 42. Rb7+ Kd8 43. d6 Kc8 44. d7+ Kd8 45. e6 Rc7 46. Rb8+ 1-0

[Event "Mississauga November op U2000"]
[Site "Mississauga CAN"]
[Date "2022.11.12"]
[Round "2.7"]
[White "Chen, Vincent"]
[Black "Zhong, April Yunwei"]
[Result "1/2-1/2"]
[WhiteElo "1663"]
[BlackElo "1642"]
[PlyCount "59"]
[EventDate "2022.11.11"]
[EventType "swiss"]
[EventRounds "5"]
[EventCountry "CAN"]

1. Nf3 d5 2. g3 Nf6 3. Bg2 c5 4. O-O Bf5 5. d3 e6 6. Nbd2 Nc6 7. Re1 Be7 8. Nh4
Bg6 9. e4 dxe4 10. dxe4 Bh5 11. Nhf3 Qd7 12. e5 Nd5 13. Ne4 Bxf3 14. Qxf3 Nxe5
15. Qh5 Ng6 16. Rd1 Qc7 17. c4 Nf6 18. Nxf6+ Bxf6 19. Be3 O-O 20. Qxc5 Rac8 21.
Qxa7 Qxc4 22. Bxb7 Rb8 23. Bc5 Rfe8 24. Rd7 Ne5 25. Rc7 Qe2 26. Qa4 Red8 27.
Ba7 Qxb2 28. Rd1 Rxd1+ 29. Qxd1 Rd8 30. Qb3 1/2-1/2

[Event "Mississauga November op U2000"]
[Site "Mississauga CAN"]
[Date "2022.11.12"]
[Round "2.8"]
[White "Jiang, Hancy"]
[Black "Dunikov, Glib"]
[Result "1-0"]
[WhiteElo "1874"]
[BlackElo "1579"]
[PlyCount "99"]
[EventDate "2022.11.11"]
[EventType "swiss"]
[EventRounds "5"]
[EventCountry "CAN"]

1. d4 f5 2. Bf4 Nf6 3. e3 g6 4. Nf3 Bg7 5. Nbd2 O-O 6. Be2 d6 7. h4 Qe8 8. Nc4
Nc6 9. c3 Nh5 10. Bh2 b5 11. Ncd2 a6 12. a4 bxa4 13. d5 Nd8 14. Nd4 e5 15. dxe6
Nxe6 16. Nxe6 Bxe6 17. O-O Nf6 18. Rxa4 Bd7 19. Rxa6 Rxa6 20. Bxa6 Bb5 21. Qb3+
Kh8 22. Bxb5 Qd8 23. Ra1 Ng4 24. Bg3 Be5 25. Bxe5+ dxe5 26. Nf3 h6 27. Rd1 Qf6
28. g3 f4 29. gxf4 exf4 30. e4 Qb6 31. Rd2 g5 32. hxg5 hxg5 33. Qd5 Qg6 34.
Qxg5 Rg8 35. Qxg6 Rxg6 36. Kf1 Rb6 37. Be2 Nf6 38. e5 Ne4 39. Rd8+ Kg7 40. Rd7+
Kg6 41. Bd3 Kf5 42. Rf7+ Kg6 43. Rf6+ Rxf6 44. exf6 Kxf6 45. Bxe4 Ke6 46. Kg2
Kd6 47. Kh3 Kc5 48. Kg4 Kc4 49. Nd2+ Kc5 50. Kxf4 1-0

[Event "Mississauga November op U2000"]
[Site "Mississauga CAN"]
[Date "2022.11.12"]
[Round "3.5"]
[White "Wang, Bingfei"]
[Black "Ruchinskaya, Valerie"]
[Result "1/2-1/2"]
[WhiteElo "1962"]
[BlackElo "1569"]
[PlyCount "154"]
[EventDate "2022.11.11"]
[EventType "swiss"]
[EventRounds "5"]
[EventCountry "CAN"]

1. d4 d5 2. c4 c6 3. Nf3 Nf6 4. Nc3 dxc4 5. a4 Bf5 6. e3 e6 7. Bxc4 Bb4 8. O-O
O-O 9. Qb3 Qe7 10. Rd1 b6 11. Bd2 Bg4 12. Be2 Nbd7 13. h3 Bh5 14. Rac1 Bd6 15.
Be1 Rfd8 16. e4 e5 17. dxe5 Nxe5 18. Nd4 Bxe2 19. Ndxe2 Bc5 20. Ng3 Nd3 21. Rc2
Nxe1 22. Rxe1 Qe5 23. Nce2 Nxe4 24. Nxe4 Qxe4 25. Rc4 Qd3 26. Qa2 Qd2 27. Kf1
Rd5 28. Qb1 Re8 29. Qc1 Qxc1 30. Nxc1 Rxe1+ 31. Kxe1 a5 32. Nb3 Bb4+ 33. Ke2 c5
34. Rc2 f6 35. Nc1 Kf7 36. Nd3 Rd4 37. b3 Ke6 38. Ke3 g5 39. f4 Kd5 40. fxg5
fxg5 41. Nb2 Re4+ 42. Kd3 Rd4+ 43. Ke3 Kc6 44. Rf2 Rd6 45. Nc4 Re6+ 46. Kd3 b5
47. axb5+ Kxb5 48. Rf8 Kc6 49. Ra8 Kb7 50. Rg8 h6 51. Rg7+ Kc6 52. Ra7 Kb5 53.
Rb7+ Ka6 54. Rb8 Ka7 55. Rd8 Rf6 56. Rd7+ Ka6 57. Rd6+ Rxd6+ 58. Nxd6 h5 59. g4
hxg4 60. hxg4 Be1 61. Kc4 Kb6 62. Ne4 Bh4 63. Nxc5 Bf2 64. Nd3 Be3 65. Ne5 Bf4
66. Nd7+ Kc6 67. Nc5 Kb6 68. Nd3 Bd2 69. Ne5 Bf4 70. Nf3 Kc6 71. Nd4+ Kb6 72.
Nc2 Bc1 73. Kd5 Kb5 74. Ke5 Bf4+ 75. Kd5 Bc1 76. Ke4 Bd2 77. Kf5 Bc1 1/2-1/2

[Event "Mississauga November op U2000"]
[Site "Mississauga CAN"]
[Date "2022.11.12"]
[Round "3.6"]
[White "Zhong, April Yunwei"]
[Black "Zhong, Ryan Yunhui"]
[Result "1/2-1/2"]
[WhiteElo "1642"]
[BlackElo "1673"]
[PlyCount "68"]
[EventDate "2022.11.11"]
[EventType "swiss"]
[EventRounds "5"]
[EventCountry "CAN"]

1. d4 d5 2. c4 dxc4 3. Nf3 Nf6 4. e3 e6 5. Bxc4 a6 6. a4 Nbd7 7. Nc3 c5 8. O-O
b6 9. Qe2 cxd4 10. exd4 Be7 11. d5 exd5 12. Nxd5 Bb7 13. Nxf6+ Nxf6 14. Rd1 Qc7
15. Ne5 O-O 16. Bg5 Ne4 17. Rd7 Qxe5 18. Bxe7 Bc6 19. Bxf8 Bxd7 20. Ba3 Rd8 21.
Rd1 Qe8 22. f3 Nf6 23. Be7 Rc8 24. Bxf6 gxf6 25. Qxe8+ Bxe8 26. Bxa6 Bxa4 27.
Ra1 Rc2 28. Rxa4 Rxb2 29. Kf1 f5 30. Rf4 Rb1+ 31. Kf2 Rb2+ 32. Kf1 Rb1+ 33. Kf2
Rb2+ 34. Kf1 Rb1+ 1/2-1/2

[Event "Mississauga November op U2000"]
[Site "Mississauga CAN"]
[Date "2022.11.12"]
[Round "3.7"]
[White "Xie, Irene"]
[Black "Jiang, Hancy"]
[Result "1/2-1/2"]
[WhiteElo "1626"]
[BlackElo "1874"]
[PlyCount "126"]
[EventDate "2022.11.11"]
[EventType "swiss"]
[EventRounds "5"]
[EventCountry "CAN"]

1. e4 c6 2. d4 d5 3. exd5 cxd5 4. Bd3 Nf6 5. c3 Nc6 6. Nf3 Bg4 7. Bf4 Bxf3 8.
Qxf3 e6 9. Nd2 Bd6 10. Bxd6 Qxd6 11. Qg3 Ke7 12. Qxd6+ Kxd6 13. f4 g6 14. Nf3
Rac8 15. Ne5 Ke7 16. Kd2 Rhg8 17. g3 Ne8 18. Nxc6+ Rxc6 19. Bb5 Rb6 20. Bxe8
Kxe8 21. Rab1 g5 22. fxg5 Rxg5 23. Rhf1 Ke7 24. b3 Rc6 25. Rf2 Rc8 26. Rbf1 Rg7
27. Rf4 h5 28. Rh4 Rg5 29. Rff4 f5 30. Rf3 Rh8 31. c4 dxc4 32. bxc4 Rg4 33. Rf4
Kf6 34. Rhxg4 hxg4 35. Rf2 e5 36. d5 Kg5 37. Ke3 b6 38. Kd3 Rc8 39. Rc2 Kf6 40.
Re2 Rc7 41. a4 Rd7 42. Kc3 a5 43. Rb2 Rd6 44. c5 bxc5 45. Kc4 e4 46. Kxc5 Ke5
47. Rd2 Rd8 48. d6 Rc8+ 49. Kb6 e3 50. Re2 Kxd6 51. Rxe3 Rc2 52. Kxa5 Rxh2 53.
Rc3 Rh3 54. Kb6 f4 55. Rc6+ Ke5 56. gxf4+ Kxf4 57. a5 Ra3 58. a6 g3 59. Rg6 Kf3
60. a7 g2 61. Kb7 Rxa7+ 62. Kxa7 Kf2 63. Rxg2+ Kxg2 1/2-1/2

[Event "Mississauga November op U2000"]
[Site "Mississauga CAN"]
[Date "2022.11.12"]
[Round "3.8"]
[White "Yang, Lefan"]
[Black "Chen, Vincent"]
[Result "0-1"]
[WhiteElo "1764"]
[BlackElo "1663"]
[PlyCount "74"]
[EventDate "2022.11.11"]
[EventType "swiss"]
[EventRounds "5"]
[EventCountry "CAN"]

1. d4 f5 2. e4 fxe4 3. Nc3 Nf6 4. Bg5 g6 5. Bxf6 exf6 6. Nxe4 Bg7 7. Qd2 O-O 8.
O-O-O f5 9. Ng3 c5 10. dxc5 Nc6 11. Bc4+ Kh8 12. Nf3 b5 13. Bd5 Qf6 14. c3 b4
15. Ne2 Bb7 16. cxb4 Rab8 17. Bxc6 Bxc6 18. Ned4 Be4 19. h4 a5 20. h5 Rxb4 21.
b3 Bxf3 22. gxf3 Rxd4 23. Qxd4 Qxd4 24. Rxd4 Bxd4 25. hxg6 Kg7 26. Rxh7+ Kxg6
27. Rxd7 Bxc5 28. Rd5 Rc8 29. Kd2 Bb4+ 30. Ke3 Rc2 31. a4 Rc3+ 32. Rd3 Bc5+ 33.
Ke2 Rxd3 34. Kxd3 Bxf2 35. Kc4 Be1 36. Kd5 Kg5 37. Ke5 Bc3+ 0-1

[Event "Mississauga November op U2000"]
[Site "Mississauga CAN"]
[Date "2022.11.12"]
[Round "4.5"]
[White "Ruchinskaya, Valerie"]
[Black "Zhong, April Yunwei"]
[Result "1-0"]
[WhiteElo "1569"]
[BlackElo "1642"]
[PlyCount "105"]
[EventDate "2022.11.11"]
[EventType "swiss"]
[EventRounds "5"]
[EventCountry "CAN"]

1. d4 d5 2. c4 dxc4 3. e3 Nf6 4. Bxc4 e6 5. Nf3 a6 6. a4 c5 7. Nc3 Nc6 8. O-O
Be7 9. d5 exd5 10. Nxd5 Nxd5 11. Bxd5 Qc7 12. Qb3 O-O 13. h3 Rb8 14. Bd2 b5 15.
axb5 axb5 16. Rac1 c4 17. Qc2 Qd6 18. Bxc6 Qxc6 19. b3 Ba6 20. Nd4 Qd5 21. bxc4
bxc4 22. Rfd1 Bf6 23. Bc3 Qg5 24. Qf5 Qxf5 25. Nxf5 Bxc3 26. Rxc3 g6 27. Ra1
Bc8 28. Ne7+ Kg7 29. Rxc4 Be6 30. Rc7 Rb2 31. Rac1 Kf6 32. Nc6 Bd5 33. Nd4 Be4
34. Rc8 Rxc8 35. Rxc8 Rb1+ 36. Kh2 Rf1 37. Kg3 Kg5 38. Re8 f5 39. Rh8 Kh6 40.
h4 Rg1 41. f3 Bd3 42. Ne6 Re1 43. Ng5 Kg7 44. Rxh7+ Kf6 45. Kf4 Bc4 46. h5 gxh5
47. Rxh5 Kg6 48. Rh8 Ra1 49. Rd8 Ra5 50. Rd6+ Kg7 51. Ne6+ Kf7 52. Nd4 Ra2 53.
g3 1-0

[Event "Mississauga November op U2000"]
[Site "Mississauga CAN"]
[Date "2022.11.12"]
[Round "4.6"]
[White "Jiang, Hancy"]
[Black "Wang, Bingfei"]
[Result "1/2-1/2"]
[WhiteElo "1874"]
[BlackElo "1962"]
[PlyCount "60"]
[EventDate "2022.11.11"]
[EventType "swiss"]
[EventRounds "5"]
[EventCountry "CAN"]

1. d4 d5 2. Bf4 c5 3. c3 Qb6 4. Qd2 Nf6 5. e3 Ne4 6. Qc1 Bf5 7. Nd2 e6 8. Ngf3
Be7 9. Be2 Nc6 10. O-O O-O 11. Ne5 Rfd8 12. Re1 Rac8 13. Nxe4 Bxe4 14. Qd2 Bd6
15. Nxc6 bxc6 16. Bxd6 Rxd6 17. Rac1 Rdd8 18. b3 Rc7 19. Bd3 Bxd3 20. Qxd3 cxd4
21. cxd4 c5 22. dxc5 Rxc5 23. Rc2 Rdc8 24. Rec1 g6 25. g3 Kf8 26. Kg2 R8c6 27.
h4 Ke7 28. Rxc5 Rxc5 29. Rxc5 Qxc5 30. Qa6 e5 1/2-1/2

[Event "Mississauga November op U2000"]
[Site "Mississauga CAN"]
[Date "2022.11.12"]
[Round "4.7"]
[White "Zhong, Ryan Yunhui"]
[Black "Xie, Irene"]
[Result "1-0"]
[WhiteElo "1673"]
[BlackElo "1626"]
[PlyCount "113"]
[EventDate "2022.11.11"]
[EventType "swiss"]
[EventRounds "5"]
[EventCountry "CAN"]

1. d4 d5 2. c4 c6 3. e3 Nf6 4. Nc3 g6 5. Nf3 Bg4 6. h3 Bxf3 7. Qxf3 e6 8. Bd3
Bg7 9. Bd2 Nbd7 10. cxd5 cxd5 11. Nb5 O-O 12. Bb4 Re8 13. Nd6 Bf8 14. O-O Bxd6
15. Bxd6 e5 16. Bb5 e4 17. Qf4 Nh5 18. Qh2 Re6 19. Rac1 Qb6 20. Bxd7 Rxd6 21.
Ba4 Rdd8 22. g4 Ng7 23. Rc2 Rac8 24. Rfc1 Rxc2 25. Rxc2 Ne6 26. Qe5 Qa5 27. Bb3
Qe1+ 28. Kh2 Qa5 29. h4 Qb4 30. h5 gxh5 31. gxh5 Qe7 32. Kh1 h6 33. Rc1 b6 34.
Qg3+ Kh7 35. f4 exf3 36. Bc2+ Kh8 37. Bf5 Qd6 38. Qxf3 Rg8 39. Bxe6 fxe6 40.
Rg1 Rxg1+ 41. Kxg1 Qe7 42. Qf4 Kg7 43. Kf2 Qf7 44. Qxf7+ Kxf7 45. Kf3 Kf6 46.
Kf4 b5 47. b4 a6 48. e4 dxe4 49. Kxe4 Kf7 50. Ke5 Ke7 51. a3 Kf7 52. Kd6 Kf6
53. Kd7 Kf7 54. Kc6 Kf6 55. Kb6 Kg5 56. Kxa6 Kxh5 57. Kxb5 1-0

[Event "Mississauga November op U2000"]
[Site "Mississauga CAN"]
[Date "2022.11.12"]
[Round "4.8"]
[White "Chen, Vincent"]
[Black "Dunikov, Glib"]
[Result "1/2-1/2"]
[WhiteElo "1663"]
[BlackElo "1579"]
[PlyCount "127"]
[EventDate "2022.11.11"]
[EventType "swiss"]
[EventRounds "5"]
[EventCountry "CAN"]

1. Nf3 f5 2. g3 Nf6 3. Bg2 g6 4. O-O Bg7 5. d4 O-O 6. c4 d6 7. Nc3 c6 8. d5 e5
9. dxe6 Bxe6 10. Qb3 b5 11. Nd2 bxc4 12. Nxc4 d5 13. Qb7 Nbd7 14. Qxc6 Qe7 15.
Nxd5 Qf7 16. Nd6 Bxd5 17. Nxf7 Bxc6 18. Bxc6 Rae8 19. Ng5 Rxe2 20. Bb5 Re7 21.
Bf4 Ne4 22. Rae1 Ne5 23. Bxe5 Nxg5 24. Bc4+ Kh8 25. Bxg7+ Rxg7 26. f4 Ne4 27.
Rd1 h6 28. Rd4 Rc7 29. Rfd1 g5 30. fxg5 hxg5 31. Be6 Re7 32. Rd8 Rxd8 33. Rxd8+
Kg7 34. Rd7 Rxd7 35. Bxd7 Kf6 36. Bc6 Nd6 37. Kf2 a5 38. Ke2 Ke5 39. Kd3 f4 40.
gxf4+ gxf4 41. h4 Nf5 42. h5 a4 43. Bxa4 f3 44. Bd1 f2 45. Be2 Ng3 46. a4 Nxh5
47. Ke3 Kd5 48. Kxf2 Nf6 49. a5 Kc5 50. a6 Kb6 51. Ke3 Nd5+ 52. Kd4 Nc7 53. b4
Nxa6 54. Bxa6 Kxa6 55. Kc5 Kb7 56. Kb5 Ka7 57. Kc6 Kb8 58. b5 Kc8 59. b6 Kb8
60. b7 Ka7 61. Kc7 Ka6 62. b8=Q Ka5 63. Qb3 Ka6 64. Qa4# 1/2-1/2

[Event "Mississauga November op U2000"]
[Site "Mississauga CAN"]
[Date "2022.11.13"]
[Round "5.5"]
[White "Chen, Vincent"]
[Black "Ruchinskaya, Valerie"]
[Result "1/2-1/2"]
[WhiteElo "1663"]
[BlackElo "1569"]
[PlyCount "50"]
[EventDate "2022.11.11"]
[EventType "swiss"]
[EventRounds "5"]
[EventCountry "CAN"]

1. Nf3 d5 2. g3 c6 3. Bg2 Nf6 4. O-O Bg4 5. d4 e6 6. c4 Nbd7 7. Nc3 Bd6 8. cxd5
exd5 9. Bg5 h6 10. e4 dxe4 11. Nxe4 Be7 12. Nxf6+ Nxf6 13. Bf4 Nd5 14. Be5 f6
15. Qd3 Qd7 16. Qg6+ Kf8 17. Qd3 Bf5 18. Qb3 Be6 19. Nh4 Kf7 20. Qd3 fxe5 21.
Ng6 Bf5 22. Nxe5+ Ke8 23. Qb3 Qc8 24. Bxd5 cxd5 25. Qxd5 Be6 1/2-1/2

[Event "Mississauga November op U2000"]
[Site "Mississauga CAN"]
[Date "2022.11.13"]
[Round "5.6"]
[White "Wang, Bingfei"]
[Black "Yang, Lefan"]
[Result "1/2-1/2"]
[WhiteElo "1962"]
[BlackElo "1764"]
[PlyCount "39"]
[EventDate "2022.11.11"]
[EventType "swiss"]
[EventRounds "5"]
[EventCountry "CAN"]

1. d4 e6 2. c4 f5 3. Nf3 Nf6 4. e3 d5 5. Be2 c6 6. O-O Bd6 7. Nc3 Nbd7 8. a3
Ne4 9. Qc2 O-O 10. b4 g5 11. Nd2 Qf6 12. Ndxe4 fxe4 13. f3 Qh6 14. g3 Nf6 15.
fxe4 e5 16. exd5 Bh3 17. c5 Bxf1 18. Bxf1 Ng4 19. Ra2 exd4 20. exd4 1/2-1/2

[Event "Mississauga November op U2000"]
[Site "Mississauga CAN"]
[Date "2022.11.13"]
[Round "5.7"]
[White "Jiang, Hancy"]
[Black "Zhong, Ryan Yunhui"]
[Result "1-0"]
[WhiteElo "1874"]
[BlackElo "1673"]
[PlyCount "115"]
[EventDate "2022.11.11"]
[EventType "swiss"]
[EventRounds "5"]
[EventCountry "CAN"]

1. d4 d5 2. Bf4 Nf6 3. e3 e6 4. Nd2 c5 5. c3 Nc6 6. Ngf3 Bd6 7. Bg3 O-O 8. Bd3
b6 9. Ne5 Bb7 10. f4 Ne7 11. Bf2 Ne4 12. Qg4 Nxf2 13. Kxf2 f5 14. Qf3 Bxe5 15.
fxe5 Ng6 16. Ke2 Qd7 17. g4 c4 18. Bc2 Nxe5 19. Qh3 Nxg4 20. Rhg1 g6 21. Rg3
Rae8 22. Rag1 Qg7 23. Nf3 e5 24. dxe5 Nxe5 25. Nd4 Bc8 26. Nxf5 Bxf5 27. Bxf5
Qf6 28. Bc2 Nd3 29. Bxd3 Qf2+ 30. Kd1 cxd3 31. Rxg6+ Kh8 32. R6g2 Qxe3 33. Qxe3
Rxe3 34. Kd2 Rh3 35. Re1 Rhf3 36. Reg1 a5 37. a4 Rd8 38. b3 Ra8 39. Re1 Rc8 40.
Re6 Rf1 41. Rxb6 Rf5 42. Rb5 Rf3 43. Rxa5 d4 44. c4 Rf1 45. Kxd3 Rf3+ 46. Kc2
Re8 47. Rd5 Rb8 48. Rb5 Re8 49. Rd2 Re4 50. a5 Rf6 51. Rd5 Kg7 52. R5xd4 Ree6
53. Kc3 Rc6 54. b4 Kf7 55. b5 Rc8 56. Rd7+ Ke8 57. Rxh7 Rf4 58. Rh8+ 1-0

[Event "Mississauga November op U2000"]
[Site "Mississauga CAN"]
[Date "2022.11.13"]
[Round "5.8"]
[White "Dunikov, Glib"]
[Black "Xie, Irene"]
[Result "1-0"]
[WhiteElo "1579"]
[BlackElo "1626"]
[PlyCount "49"]
[EventDate "2022.11.11"]
[EventType "swiss"]
[EventRounds "5"]
[EventCountry "CAN"]

1. e4 d6 2. d4 g6 3. Nc3 Bg7 4. Be3 Nf6 5. f3 Nbd7 6. Qd2 e5 7. d5 O-O 8. O-O-O
a6 9. g4 h5 10. Be2 b5 11. a3 Nb6 12. Bg5 hxg4 13. fxg4 Qd7 14. Bxf6 Bxf6 15.
h4 Qe7 16. g5 Bg7 17. Nf3 Bg4 18. Rdg1 Bh5 19. Ne1 Bxe2 20. Qxe2 f6 21. h5 fxg5
22. hxg6 Bf6 23. Rh7 Bg7 24. Qh5 Nd7 25. Rh1 1-0

[Event "Montcalm 1 2022-23"]
[Site "Quebec CAN"]
[Date "2022.09.08"]
[Round "1"]
[White "Fleury, Dominic"]
[Black "Glode, Martin"]
[Result "0-1"]
[WhiteElo "1430"]
[BlackElo "1917"]
[PlyCount "96"]
[EventDate "2022.09.08"]
[EventType "swiss"]
[EventRounds "5"]
[EventCountry "CAN"]

1. e4 Nf6 2. e5 Nd5 3. d4 d6 4. Nf3 Bg4 5. Be2 c6 6. c4 Nb6 7. b3 N8d7 8. Nbd2
dxe5 9. dxe5 e6 10. Bb2 Nc5 11. Nd4 Bxe2 12. Qxe2 Qg5 13. O-O Qg6 14. N2f3 Qd3
15. Rfd1 Qxe2 16. Nxe2 Be7 17. h4 O-O 18. g3 Rfd8 19. Kg2 Rxd1 20. Rxd1 Rd8 21.
Rxd8+ Bxd8 22. Nc3 Nbd7 23. b4 Nd3 24. Ba1 Nxb4 25. a3 Nc2 26. Bb2 Nc5 27. Nd1
Nd3 28. a4 Nc5 29. Bd4 Nxd4 30. Nxd4 Nxa4 31. f4 Bb6 32. Nb3 Nc5 33. Nxc5 Bxc5
34. Kf3 Kf8 35. Ke4 Ke7 36. Nc3 Bf2 37. Ne2 a5 38. Kd3 Kd7 39. Kc3 b5 40. cxb5
cxb5 41. Kb3 Kc6 42. h5 b4 43. g4 Kb5 44. Nc1 a4+ 45. Ka2 Kc4 46. Kb1 Be3 47.
f5 Bxc1 48. Kxc1 Kd5 0-1

[Event "Montcalm 1 2022-23"]
[Site "Quebec CAN"]
[Date "2022.09.08"]
[Round "1"]
[White "Genest, Dominic"]
[Black "Plante, Rejean"]
[Result "1/2-1/2"]
[WhiteElo "1758"]
[BlackElo "1991"]
[PlyCount "70"]
[EventDate "2022.09.08"]
[EventType "swiss"]
[EventRounds "5"]
[EventCountry "CAN"]

1. c4 Nf6 2. g3 c5 3. Nc3 Nc6 4. Bg2 g6 5. Nf3 Bg7 6. O-O d5 7. cxd5 Nxd5 8. a3
O-O 9. Nxd5 Qxd5 10. d3 Qh5 11. Re1 h6 12. Rb1 Bh3 13. Bh1 Rac8 14. Be3 Nd4 15.
Bxd4 cxd4 16. Qa4 Qc5 17. b4 Qb6 18. Nd2 a6 19. Rec1 Rfd8 20. Qd1 Bd7 21. Nc4
Qa7 22. Na5 b6 23. Nc6 Bxc6 24. Rxc6 Rxc6 25. Bxc6 Qc7 26. b5 a5 27. a4 h5 28.
Qd2 h4 29. Rc1 Qe5 30. Bf3 Kh7 31. Rc6 Rd6 32. Qa2 hxg3 33. hxg3 Rf6 34. Qd5
Qxd5 35. Bxd5 Kg8 1/2-1/2

[Event "Montcalm 1 2022-23"]
[Site "Quebec CAN"]
[Date "2022.09.08"]
[Round "1"]
[White "Marquis, Paul"]
[Black "Perreault, Jacquelin"]
[Result "1-0"]
[WhiteElo "1978"]
[BlackElo "1722"]
[PlyCount "61"]
[EventDate "2022.09.08"]
[EventType "swiss"]
[EventRounds "5"]
[EventCountry "CAN"]

1. e4 c5 2. Nc3 d6 3. g3 Nc6 4. Bg2 g6 5. d3 Bg7 6. f4 e6 7. Nf3 Nge7 8. O-O a6
9. Be3 Bd7 10. Qd2 b5 11. e5 Nf5 12. Bf2 dxe5 13. Bxc5 exf4 14. g4 Ne3 15. Ne4
Ne7 16. Nd6+ Kf8 17. Bxe3 fxe3 18. Qxe3 Nd5 19. Qc5 Qb6 20. Qxb6 Nxb6 21. Ng5
Bd4+ 22. Kh1 Ke7 23. c3 f6 24. cxd4 fxg5 25. Bxa8 Rxa8 26. Nf7 Nd5 27. Nxg5 Ne3
28. Rf7+ Ke8 29. Rxh7 Bc6+ 30. Kg1 Nxg4 31. Nxe6 1-0